| 000 | 009920000a22001810004500 | ||
|---|---|---|---|
| 020 | _a978-958-44-5309-9 | ||
| 082 | 0 | 4 | _aG 986 F8251d |
| 100 | 1 | _aFranco Alzate, Jairo Antonio | |
| 245 | 1 | 0 | _aDesplazados y terratenientes en la colonización antioqueña del sur, 1780-1930 / Jairo Antonio Franco Alzate |
| 260 | _aMedellín : [s.n.] | ||
| 300 | _a535 p. | ||
| 500 | _aIncluye mapa de ruta de la colonización antioqueña del sur y cuadro sobre incidencia medida para los apellidos de los colonizadores y primeros fundadores de la colonización antioqueña | ||
| 501 | _aRústico | ||
| 505 | 0 | 0 | _aCausas de la migración antioqueña -- Clases de colonización y sus actores -- El despojo de tierras de los auténticos colonizadores -- Colonización comunitaria -- Colonización individual -- Desarrollo de empresarimo antioqueño -- |
| 650 | 1 | 4 | _aCOLONIZACION - COLOMBIA - ANTIOQUIA \ DESPLAZAMIENTO INTERNO - ANTIOQUIA \ COLONIZACION - ANTIOQUIA - HISTORIA |
| 001 | 17914 | ||
| 942 | _cBK | ||
| 999 |
_c44408 _d44408 |
||